Ensuring sustainability and competitiveness of the NR industry : a report of the proceedings of the Rubber Growers' Conference 1995 held in Kuala Lumpur, Malaysia from 17 to 19 July 1995

Bibliographic Details
Corporate Authors: Rubber Growers' Conference (1995 Kuala Lumpur), Institut Penyelidikan Getah Malaysia
Other Authors: Abdul Aziz S.A. Kadir
Format: Book
Published: Kuala Lumpur : Institut Penyelidikan Getah Malaysia, , 1996
Subjects:

MARC

LEADER 00000cam a2200000 7i4500
001 0000003420
005 20060317.0
020 0 0 |a 9679955044 
090 0 0 |a 338.476786209595   |b RUB 
110 1 0 |a Rubber Growers' Conference (1995 Kuala Lumpur) 
245 1 0 |a Ensuring sustainability and competitiveness of the NR industry :   |b a report of the proceedings of the Rubber Growers' Conference 1995 held in Kuala Lumpur, Malaysia from 17 to 19 July 1995   |c edited by Abdul Aziz S. A. Kadir 
260 0 0 |a Kuala Lumpur :   |b Institut Penyelidikan Getah Malaysia, ,   |c 1996 
300 |a xxvii, 396p. :   |b col. ill. ;   |c 26cm. 
650 0 0 |a Rubber industry and trade   |x Congresses   |z Malaysia 
650 0 0 |a Rubber plants   |x Congresses   |z Malaysia 
650 0 0 |a Rubber   |x Congresses   |z Malaysia 
700 1 1 |a Abdul Aziz S.A. Kadir 
710 2 1 |a Institut Penyelidikan Getah Malaysia 
999 |a 0000006503   |b Monograph   |c Open Shelf   |e Default branch